[Event "AUT-ch Zwisch Internet"]
[Site "Playchess.com INT"]
[Date "2020.05.02"]
[Round "8"]
[White "Neubauer, Martin"]
[Black "Peyrer, Konstantin"]
[Result "0-1"]
[WhiteElo "2421"]
[BlackElo "2265"]
[PlyCount "80"]
[EventDate "2020.05.02"]
[EventType "swiss (blitz)"]
[EventRounds "13"]
[EventCountry "AUT"]
[SourceTitle "CBM 195 Extra"]
[Source "ChessBase"]
[SourceDate "2020.05.31"]
[SourceVersion "1"]
[SourceVersionDate "2020.05.31"]
[SourceQuality "1"]

1. d4 Nf6 2. Nf3 g6 3. Bf4 Bg7 4. e3 0-0 5. h3 d6 6. Bc4 b6 7. 0-0 Bb7 8. a4 Nbd7 9. Bh2 c5 10. c3 a6 11. Qe2 Qc7 12. Nbd2 Rfc8 13. Rfc1 e6 14. Bd3 e5 15. dxe5 dxe5 16. Nc4 Nd5 17. Ng5 Qc6 18. Qf1 f5 19. Bc2 h6 20. Nf3 e4 21. Nfe5 Nxe5 22. Nxe5 Qe6 23. Nxg6 Qxg6 24. Bb3 Kh7 25. Rd1 Rd8 26. Kh1 Rd7 27. Qe2 Rad8 28. Bxd5 Rxd5 29. Rxd5 Rxd5 30. a5 b5 31. c4 bxc4 32. Qxc4 Qc6 33. Bg3 Qb5 34. Rc1 Qxc4 35. Rxc4 Bxb2 36. Bf4 Ba3 37. g4 Bc6 38. gxf5 Rxf5 39. Kg2 Bb5 40. Rc2 Bd3 0-1

[Event "AUT-ch Zwisch Internet"]
[Site "Playchess.com INT"]
[Date "2020.05.02"]
[Round "10"]
[White "Neubauer, Martin"]
[Black "Wohlfahrt, Herbert J"]
[Result "1/2-1/2"]
[WhiteElo "2421"]
[BlackElo "2285"]
[PlyCount "130"]
[EventDate "2020.05.02"]
[EventType "swiss (blitz)"]
[EventRounds "13"]
[EventCountry "AUT"]
[SourceTitle "CBM 195 Extra"]
[Source "ChessBase"]
[SourceDate "2020.05.31"]
[SourceVersion "1"]
[SourceVersionDate "2020.05.31"]
[SourceQuality "1"]

1. e4 c6 2. d4 d5 3. Nd2 dxe4 4. Nxe4 Nf6 5. Nxf6+ exf6 6. Bc4 Qe7+ 7. Qe2 Be6 8. Bd3 g6 9. Nf3 Bg7 10. 0-0 0-0 11. c3 a5 12. Re1 Qd7 13. h3 Na6 14. Bf4 a4 15. a3 Nc7 16. Qd2 Rfe8 17. c4 b5 18. Bxc7 bxc4 19. Bf4 cxd3 20. Qxd3 Bd5 21. Nd2 Bf8 22. Nc4 Rxe1+ 23. Rxe1 Re8 24. Rxe8 Qxe8 25. Ne3 Bb3 26. f3 Qe6 27. Qe4 Qd7 28. Kf2 h5 29. h4 f5 30. Qe5 Bg7 31. Qb8+ Kh7 32. Be5 f6 33. Bd6 g5 34. Qc7 Qxc7 35. Bxc7 Be6 36. Nc2 f4 37. Nb4 Bd7 38. Bb6 Kg6 39. Bc5 Kf5 40. Bd6 Ke6 41. Bc5 g4 42. Ke2 f5 43. Nd3 Bh6 44. Nb4 Be8 45. Kd2 Bg7 46. Nd3 Bh6 47. Nb4 Kd7 48. Kc3 Bf7 49. Nd3 Bb3 50. Ne5+ Kc7 51. Nc4 Bg7 52. Bd6+ Kd7 53. Bxf4 Bf6 54. Ne5+ Ke6 55. Bg5 Bxe5 56. dxe5 Kxe5 57. fxg4 fxg4 58. g3 Ke4 59. Bf4 Kf3 60. Bc7 Ke4 61. Bb8 Kf5 62. Bc7 Kg6 63. Bb8 Kf5 64. Bc7 Kg6 65. Bb8 Kf5 1/2-1/2

[Event "AUT-ch Vor4 Internet"]
[Site "Playchess.com INT"]
[Date "2020.04.25"]
[Round "9"]
[White "Baumegger, Siegfried"]
[Black "Neubauer, Martin"]
[Result "1/2-1/2"]
[WhiteElo "2432"]
[BlackElo "2421"]
[PlyCount "118"]
[EventDate "2020.04.25"]
[EventType "swiss (blitz)"]
[EventRounds "9"]
[EventCountry "AUT"]
[SourceTitle "EXT 2021"]
[Source "ChessBase"]
[SourceDate "2020.10.23"]
[SourceVersion "1"]
[SourceVersionDate "2020.10.23"]
[SourceQuality "1"]

1. e4 e5 2. Nf3 Nc6 3. Bb5 f5 4. Nc3 fxe4 5. Nxe4 Nf6 6. Nxf6+ Qxf6 7. 0-0 Be7 8. Qe2 0-0 9. Bxc6 bxc6 10. Qxe5 Qxe5 11. Nxe5 Bf6 12. d4 c5 13. Be3 d6 14. Nf3 Bb7 15. dxc5 Bxf3 16. gxf3 Bxb2 17. Rab1 Be5 18. Rb7 dxc5 19. Kg2 Bd6 20. Rfb1 a6 21. a4 h6 22. c4 Kh7 23. a5 Rf6 24. Rb8 Rg6+ 25. Kf1 Rxb8 26. Rxb8 Bxh2 27. f4 Rf6 28. Ra8 Bxf4 29. Bxf4 Rxf4 30. Rxa6 Rxc4 31. Rc6 Ra4 32. Rxc5 Ra2 33. Kg2 Ra3 34. f3 Kg6 35. Kg3 Ra4 36. Rc6+ Kh7 37. a6 Kg8 38. f4 Kh7 39. Kg4 Ra5 40. f5 Ra4+ 41. Kg3 h5 42. Kh3 h4 43. Rxc7 Rxa6 44. Kxh4 Kh6 45. Rf7 Ra4+ 46. Kg3 Ra3+ 47. Kg4 Ra1 48. Kf4 Rf1+ 49. Kg4 Rg1+ 50. Kf4 Re1 51. Kg4 Re4+ 52. Kg3 Rd4 53. Kf3 Rc4 54. Kg3 Rc1 55. Kg4 Rg1+ 56. Kf4 Rg2 57. Kf3 Ra2 58. Kg4 Ra4+ 59. Kg3 Rb4 1/2-1/2

[Event "AUT-ch Vor4 Internet"]
[Site "Playchess.com INT"]
[Date "2020.04.25"]
[Round "8"]
[White "Shengelia, Davit"]
[Black "Neubauer, Martin"]
[Result "1-0"]
[WhiteElo "2544"]
[BlackElo "2421"]
[PlyCount "117"]
[EventDate "2020.04.25"]
[EventType "swiss (blitz)"]
[EventRounds "9"]
[EventCountry "AUT"]
[SourceTitle "EXT 2021"]
[Source "ChessBase"]
[SourceDate "2020.10.23"]
[SourceVersion "1"]
[SourceVersionDate "2020.10.23"]
[SourceQuality "1"]

1. d4 d5 2. Nf3 Nf6 3. e3 c5 4. dxc5 e6 5. a3 Bxc5 6. b4 Be7 7. Bb2 0-0 8. Bd3 b6 9. 0-0 Bb7 10. Nbd2 Nbd7 11. Qe2 Qc7 12. c4 Rac8 13. Rac1 Qb8 14. e4 dxe4 15. Nxe4 Nxe4 16. Bxe4 Bf6 17. Nd4 Bxe4 18. Qxe4 Qa8 19. Qxa8 Rxa8 20. Rfd1 Ne5 21. f4 Ng4 22. h3 Ne3 23. Rd3 Nf5 24. Nxf5 Bxb2 25. Ne7+ Kh8 26. Rcd1 Bf6 27. Nc6 g5 28. fxg5 Bxg5 29. Rd7 a5 30. b5 Be3+ 31. Kf1 Bc5 32. a4 Kg7 33. Ke2 h5 34. Rf1 Kg8 35. Kf3 Rac8 36. Ke4 Ba3 37. Kf4 Kg7 38. Kg5 Bb2 39. Kxh5 Rh8+ 40. Kg4 Rcf8 41. h4 Rh6 42. h5 Rf6 43. Rxf6 Kxf6 44. Rb7 Rg8+ 45. Kf3 Rg5 46. Rxb6 Rxh5 47. Rb8 Rc5 48. Nxa5 Bc3 49. Nc6 Rxc4 50. a5 Be5 51. Nxe5 Kxe5 52. a6 Ra4 53. Rb7 f5 54. a7 Ra3+ 55. Ke2 Ke4 56. b6 Ra2+ 57. Kd1 Kd3 58. Rd7+ Ke3 59. Rd8 1-0

[Event "AUT-chT2O 1819"]
[Site "Austria"]
[Date "2019.03.31"]
[Round "11.4"]
[White "Neubauer, Martin"]
[Black "Stanec, Nikolaus"]
[Result "1/2-1/2"]
[WhiteElo "2428"]
[BlackElo "2473"]
[PlyCount "59"]
[EventDate "2018.10.06"]
[EventType "team-tourn"]
[EventRounds "11"]
[EventCountry "AUT"]
[SourceTitle "CBM 189 Extra"]
[Source "ChessBase"]
[SourceDate "2019.06.03"]
[SourceVersion "1"]
[SourceVersionDate "2019.06.03"]
[SourceQuality "1"]
[WhiteTeam "Wien Ottakring"]
[BlackTeam "Donaustadt"]
[WhiteTeamCountry "AUT"]
[BlackTeamCountry "AUT"]

1. e4 d5 2. exd5 Qxd5 3. Nc3 Qd8 4. d4 Nf6 5. Bc4 g6 6. Nf3 Bg7 7. 0-0 0-0 8. h3 c6 9. a3 Nd5 10. Ne4 Nd7 11. Re1 N7f6 12. Ng3 b6 13. Bg5 h6 14. Bd2 Bb7 15. Qe2 e6 16. Bd3 Ne7 17. c4 Re8 18. Bc3 Nf5 19. Nxf5 exf5 20. Qc2 Qc7 21. b3 Rad8 22. Rac1 Nh5 23. a4 Nf4 24. Bf1 Rxe1 25. Rxe1 Ne6 26. Rd1 Qf4 27. Bd2 Qc7 28. Bc3 Qf4 29. Bd2 Qc7 30. Bc3 1/2-1/2

[Event "AUT-chT2O 1819"]
[Site "Austria"]
[Date "2018.12.01"]
[Round "5.6"]
[White "Neubauer, Martin"]
[Black "Mikes, Jan"]
[Result "1/2-1/2"]
[WhiteElo "2428"]
[BlackElo "2307"]
[PlyCount "97"]
[EventDate "2018.10.06"]
[EventType "team-tourn"]
[EventRounds "11"]
[EventCountry "AUT"]
[SourceTitle "CBM 187 Extra"]
[Source "ChessBase"]
[SourceDate "2018.11.04"]
[SourceVersion "1"]
[SourceVersionDate "2018.11.04"]
[SourceQuality "1"]
[WhiteTeam "Wien Ottakring"]
[BlackTeam "Mistelbach/Altlichtenwarth"]
[WhiteTeamCountry "AUT"]
[BlackTeamCountry "AUT"]

1. e4 c5 2. d4 cxd4 3. c3 d3 4. Bxd3 g6 5. Nf3 Bg7 6. 0-0 Nf6 7. c4 d6 8. h3 0-0 9. Nc3 Nbd7 10. Be3 b6 11. Rc1 Bb7 12. Re1 Rc8 13. b4 a6 14. Qd2 Re8 15. Bh6 Bh8 16. Bf1 Qc7 17. Bf4 Qb8 18. Qe3 Qa8 19. e5 dxe5 20. Nxe5 a5 21. a3 axb4 22. axb4 Qa3 23. Nd5 Qxe3 24. Nxe3 Nb8 25. N3g4 Nxg4 26. hxg4 f6 27. Nd3 e5 28. Be3 Nd7 29. c5 b5 30. f4 Bc6 31. g3 f5 32. gxf5 gxf5 33. Bh3 Rf8 34. fxe5 Bxe5 35. Bh6 Bd4+ 36. Kh2 Rf7 37. Be3 Bg7 38. Bf4 Ra8 39. Re2 Ra3 40. Rd1 Bf3 41. Re8+ Nf8 42. Rd2 Bc6 43. Rc8 Bc3 44. Re2 Bf3 45. Rf2 Bb7 46. Rb8 Bd4 47. Rd2 Bc3 48. Rf2 Bd4 49. Rd2 1/2-1/2

[Event "AUT-chT 1213"]
[Site "Austria"]
[Date "2013.01.20"]
[Round "7.4"]
[White "Neubauer, Martin"]
[Black "Wegerle, Joerg"]
[Result "1/2-1/2"]
[WhiteElo "2440"]
[BlackElo "2413"]
[PlyCount "61"]
[EventDate "2012.11.02"]
[EventType "team-tourn"]
[EventRounds "11"]
[EventCountry "AUT"]
[SourceTitle "EXT 2014"]
[Source "ChessBase"]
[SourceDate "2013.11.20"]
[SourceVersion "1"]
[SourceVersionDate "2013.11.20"]
[SourceQuality "1"]
[WhiteTeam "St Veit"]
[BlackTeam "Absam"]
[WhiteTeamCountry "AUT"]
[BlackTeamCountry "AUT"]

1. d4 d5 2. c4 e6 3. Nf3 Be7 4. g3 Nf6 5. Bg2 0-0 6. 0-0 dxc4 7. Qc2 a6 8. a4 Bd7 9. Qxc4 Bc6 10. Bf4 a5 11. Nc3 Na6 12. Rad1 Nb4 13. Ne5 Bxg2 14. Kxg2 Nfd5 15. Bc1 f6 16. Nf3 f5 17. e4 fxe4 18. Nxe4 Qe8 19. b3 Qh5 20. Qe2 Rae8 21. Ng1 Qxe2 22. Nxe2 Nf6 23. Ng5 Bd6 24. Nc3 Nbd5 25. Bd2 Nxc3 26. Bxc3 h6 27. Nf3 b6 28. Rfe1 Nd5 29. Bd2 Rf6 30. Ne5 Bxe5 31. Rxe5 1/2-1/2

[Event "Olympiad-40"]
[Site "Istanbul"]
[Date "2012.09.05"]
[Round "8.4"]
[White "Ibarra Chami, Luis Fernando"]
[Black "Neubauer, Martin"]
[Result "1/2-1/2"]
[WhiteElo "2481"]
[BlackElo "2442"]
[PlyCount "60"]
[EventDate "2012.08.28"]
[EventType "team-swiss"]
[EventRounds "11"]
[EventCountry "TUR"]
[SourceTitle "CBM 151"]
[Source "ChessBase"]
[SourceDate "2012.11.13"]
[SourceVersion "1"]
[SourceVersionDate "2012.11.13"]
[SourceQuality "1"]
[WhiteTeam "Mexico"]
[BlackTeam "Austria"]
[WhiteTeamCountry "MEX"]
[BlackTeamCountry "AUT"]

1. c4 g6 2. Nc3 c5 3. g3 Bg7 4. Bg2 Nc6 5. a3 a6 6. Rb1 Rb8 7. b4 cxb4 8. axb4 b5 9. cxb5 axb5 10. Nf3 d5 11. d4 Bf5 12. Rb3 Nf6 13. Bf4 Rb6 14. 0-0 0-0 15. Ne5 Ne4 16. e3 f6 17. Nxc6 Rxc6 18. Bxe4 Bxe4 19. f3 Bf5 20. g4 Bc8 21. Nxb5 e5 22. dxe5 fxe5 23. Na7 Re6 24. Bg3 Bb7 25. b5 Qb6 26. Nc6 Bxc6 27. bxc6 Qxc6 28. Rd3 d4 29. exd4 exd4 30. Bf2 Qc4 1/2-1/2

[Event "AUT-ch"]
[Site "Zwettl"]
[Date "2012.07.23"]
[Round "3"]
[White "Wallner, Joachim"]
[Black "Neubauer, Martin"]
[Result "1/2-1/2"]
[WhiteElo "2309"]
[BlackElo "2433"]
[PlyCount "86"]
[EventDate "2012.07.21"]
[EventType "swiss"]
[EventRounds "9"]
[EventCountry "AUT"]
[SourceTitle "CBM 149 Extra"]
[Source "ChessBase"]
[SourceDate "2012.08.24"]
[SourceVersion "1"]
[SourceVersionDate "2012.08.24"]
[SourceQuality "1"]

1. e4 e5 2. Nf3 Nc6 3. Bb5 Nf6 4. 0-0 Nxe4 5. d4 Nd6 6. dxe5 Nxb5 7. a4 Nbd4 8. Nxd4 d5 9. exd6 Nxd4 10. Qxd4 Qxd6 11. Qe3+ Be6 12. Nc3 a6 13. Ne4 Qc6 14. Ng5 Bc5 15. Qc3 0-0 16. Nxe6 fxe6 17. Be3 Bxe3 18. Qxe3 Qxc2 19. Qxe6+ Kh8 20. b4 Rae8 21. Qa2 Qxa2 22. Rxa2 Rf4 23. Rb2 h6 24. f3 Rc4 25. Kf2 Re6 26. a5 Re5 27. Re1 Rb5 28. Reb1 c5 29. bxc5 Rxa5 30. Rxb7 Rc2+ 31. Kg3 Raxc5 32. h4 Rc6 33. R1b6 h5 34. Rxc6 Rxc6 35. Kf4 Kh7 36. g4 Rc4+ 37. Kg5 Rc5+ 38. Kf4 Rc4+ 39. Kg5 Rc5+ 40. Kf4 Rb5 41. Ra7 Rb4+ 42. Kg5 Rb5+ 43. Kf4 Rb4+ 1/2-1/2

[Event "AUT-ch"]
[Site "Zwettl"]
[Date "2012.07.21"]
[Round "1"]
[White "Kreindl, Helmut"]
[Black "Neubauer, Martin"]
[Result "0-1"]
[WhiteElo "2205"]
[BlackElo "2433"]
[PlyCount "102"]
[EventDate "2012.07.21"]
[EventType "swiss"]
[EventRounds "9"]
[EventCountry "AUT"]
[SourceTitle "CBM 149 Extra"]
[Source "ChessBase"]
[SourceDate "2012.08.24"]
[SourceVersion "1"]
[SourceVersionDate "2012.08.24"]
[SourceQuality "1"]

1. d4 g6 2. Nf3 Bg7 3. e3 Nf6 4. Be2 0-0 5. 0-0 c5 6. c3 b6 7. a4 Nc6 8. d5 Na5 9. b4 Nb7 10. Bb2 e6 11. dxe6 fxe6 12. Qc2 Qe7 13. b5 Nd6 14. c4 Bb7 15. Nbd2 Nf7 16. a5 d6 17. a6 Bxf3 18. Bxf3 Rad8 19. e4 Bh6 20. g3 Ne5 21. Bxe5 dxe5 22. Rad1 Bxd2 23. Rxd2 Rd4 24. Rfd1 Ne8 25. Bg2 Qd6 26. Qc3 Rf7 27. Qe3 Kg7 28. h4 h6 29. Qe2 Rd7 30. Rxd4 cxd4 31. Bf1 Rc7 32. Qd2 Qc5 33. Bd3 Nd6 34. Qe2 Qa3 35. Rd2 Ne8 36. Kg2 Nf6 37. Ra2 Qd6 38. f3 Nd7 39. Qd2 Nc5 40. Qe2 Qf8 41. Ra1 Rf7 42. Rf1 Rf6 43. Qd2 Kg8 44. Qe2 Kf7 45. Qd2 Ke8 46. Rf2 g5 47. hxg5 hxg5 48. Rf1 Rh6 49. Rf2 Qh8 50. Kf1 Rh1+ 51. Ke2 Ra1 0-1

[Event "Mitropa Cup 31st"]
[Site "Sibenik"]
[Date "2012.06.08"]
[Round "9"]
[White "Neubauer, Martin"]
[Black "Rapport, Richard"]
[Result "1/2-1/2"]
[WhiteElo "2415"]
[BlackElo "2577"]
[PlyCount "20"]
[EventDate "2012.05.31"]
[EventType "team-tourn"]
[EventRounds "9"]
[EventCountry "CRO"]
[SourceTitle "CBM 148 Extra"]
[Source "ChessBase"]
[SourceDate "2012.06.22"]
[SourceVersion "1"]
[SourceVersionDate "2012.06.22"]
[SourceQuality "1"]
[WhiteTeam "Austria"]
[BlackTeam "Hungary"]
[WhiteTeamCountry "AUT"]
[BlackTeamCountry "HUN"]

1. d4 Nf6 2. Nf3 b6 3. Bg5 e6 4. e4 h6 5. Bxf6 Qxf6 6. Bd3 Bb7 7. Nbd2 d6 8. Qe2 Qd8 9. 0-0-0 Be7 10. Kb1 c6 1/2-1/2

[Event "Mitropa Cup 31st"]
[Site "Sibenik"]
[Date "2012.06.03"]
[Round "4"]
[White "Godena, Michele"]
[Black "Neubauer, Martin"]
[Result "1/2-1/2"]
[WhiteElo "2521"]
[BlackElo "2415"]
[PlyCount "56"]
[EventDate "2012.05.31"]
[EventType "team-tourn"]
[EventRounds "9"]
[EventCountry "CRO"]
[SourceTitle "CBM 148 Extra"]
[Source "ChessBase"]
[SourceDate "2012.06.22"]
[SourceVersion "1"]
[SourceVersionDate "2012.06.22"]
[SourceQuality "1"]
[WhiteTeam "Italy"]
[BlackTeam "Austria"]
[WhiteTeamCountry "ITA"]
[BlackTeamCountry "AUT"]

1. e4 e5 2. Nf3 Nc6 3. c3 Nf6 4. d4 Nxe4 5. d5 Ne7 6. Nxe5 Ng6 7. Nxg6 hxg6 8. Bd3 Nf6 9. 0-0 Be7 10. Re1 0-0 11. Qf3 d6 12. h3 Nd7 13. Bf4 Bg5 14. Nd2 Nc5 15. Bc2 Bf5 16. Bxf5 gxf5 17. Re3 Bf6 18. Re2 Re8 19. Rae1 Qd7 20. Rxe8+ Rxe8 21. Rxe8+ Qxe8 22. Be3 Ne4 23. Qxf5 Nxd2 24. Bxd2 Qe2 25. Qc8+ Kh7 26. Qf5+ Kg8 27. Qc8+ Kh7 28. Qf5+ Kg8 1/2-1/2

[Event "EU-ch 13th"]
[Site "Plovdiv"]
[Date "2012.03.25"]
[Round "6"]
[White "Neubauer, Martin"]
[Black "Rasulov, Vugar Ural Oglu"]
[Result "0-1"]
[WhiteElo "2413"]
[BlackElo "2526"]
[PlyCount "68"]
[EventDate "2012.03.20"]
[EventType "swiss"]
[EventRounds "11"]
[EventCountry "BUL"]
[SourceTitle "CBM 148"]
[Source "ChessBase"]
[SourceDate "2012.05.16"]
[SourceVersion "1"]
[SourceVersionDate "2012.05.16"]
[SourceQuality "1"]

1. d4 Nf6 2. Nf3 c5 3. d5 b5 4. Bg5 Ne4 5. Bf4 Bb7 6. a4 Qa5+ 7. c3 e6 8. dxe6 fxe6 9. Nbd2 Nxd2 10. Qxd2 Be7 11. e3 Ba6 12. Bd3 bxa4 13. 0-0 Nc6 14. Ne5 Rd8 15. Nc4 Bxc4 16. Bxc4 Qb6 17. Rxa4 d5 18. Be2 0-0 19. e4 Kh8 20. exd5 exd5 21. Ra6 Qb7 22. Rfa1 c4 23. Be3 Qb5 24. b3 Bf6 25. bxc4 dxc4 26. Qa2 Bxc3 27. Rb1 Nb4 28. Rxa7 Qf5 29. Rxb4 Bxb4 30. Qb2 c3 31. Qxb4 c2 32. g4 c1Q+ 33. Bxc1 Qxf2+ 34. Kh1 Rd1+ 0-1